Taylor Swift mystery lyrics #17 - Statistics

General Stats
  • This quiz has been taken 98 times
    91 since last reset
  • The average score is 179 of 245
Answer Stats
Answer % Correct
we
100%
a
98%
I
98%
You
97%
you
97%
do
95%
the
93%
and
92%
And
92%
where
90%
it
88%
me
87%
to
87%
love
85%
your
85%
be
83%
what
83%
don't
82%
my
82%
on
82%
that
82%
could
80%
have
80%
was
80%
can
78%
'Cause
78%
in
78%
it's
78%
So
78%
so
78%
you're
78%
for
77%
know
77%
say
77%
them
77%
this
77%
you've
77%
Did
75%
did
75%
like
75%
they
75%
I'm
73%
now
73%
Now
73%
but
72%
done
72%
think
72%
with
72%
baby
70%
Baby
70%
got
70%
Oh
70%
time
70%
bad
68%
blood
68%
if
68%
If
68%
look
68%
mad
68%
used
68%
all
67%
All
67%
good
67%
just
67%
problems
67%
take
67%
at
65%
solve
65%
about
63%
deep
63%
Hey
63%
hey
63%
sad
63%
times
63%
back
62%
live
62%
really
62%
up
62%
from
60%
made
60%
cut
58%
heal
58%
couldn't
57%
sorry
57%
bullet
55%
holes
55%
right
55%
show
55%
Band-aids
53%
fix
53%
ghosts
53%
runs
53%
trusted
53%
won't
53%
knife
52%
These
52%
these
52%
thinking
52%
will
52%
wound
52%
last
50%
laughing
50%
past
50%
rusted
50%
scars
50%
fine
48%
hit
48%
way
48%
we'd
48%
cold
47%
ruin
47%
shiny
47%
Still
47%
through
47%
breathe
45%
comin'
45%
things
45%
weak
45%
catch
43%
Salt
43%
kinda
42%
rub
40%
wounds
35%
No matching quizzes found
Score Distribution
Percent of People with Each Score
Percentile by Number Answered
Your Score History
You have not taken this quiz since the last reset